000 01440cam a2200349 a 4500
001 13776565
003 OSt
005 20150408113721.0
008 041109s2004 nyua 001 0 eng
010 _a 2004275103
020 _a0072256354
040 _aDLC
_cDLC
_dDLC
050 0 0 _aTK5105.5
_b.V43 2004
082 0 0 _a004.6/2
_222
100 1 _aVelte, Anthony T.
_96108
245 1 0 _aCisco :
_ba beginner's guide /
_cAnthony T. Velte, Toby J. Velte.
250 _a3rd ed.
260 _aNew York :
_bMcGraw-Hill/Osborne,
_cc2004.
300 _axxviii, 737 p. :
_bill. ;
_c24 cm.
440 0 _aNetwork professional's library
_94829
610 2 0 _aCisco Systems, Inc.
_96109
650 0 _aComputer networks
_xDesign and construction.
_95973
650 0 _aInternetworking (Telecommunication)
650 0 _aTCP/IP (Computer network protocol)
_96110
650 0 _aLocal area networks (Computer networks)
_94818
700 1 _aVelte, Anthony T.
_96111
856 4 2 _3Publisher description
_uhttp://www.loc.gov/catdir/enhancements/fy0620/2004275103-d.html
856 4 1 _3Table of contents only
_uhttp://www.loc.gov/catdir/enhancements/fy0620/2004275103-t.html
856 4 2 _3Contributor biographical information
_uhttp://www.loc.gov/catdir/enhancements/fy0705/2004275103-b.html
942 _2ddc
_cBOOK
999 _c555
_d235055